01054 2200325 4500001002100000005001500021035002000036007000300056008004100059020002200100020002200122040002200144082001400166084001600180090002000196090002200216100004200238245016500280250002600445300003000471650003300501700003000534850001200564264003400576336002100610337003000631338002300661999002200684990002200706INLIS00000000085519320200320105051 a0010-0320000520ta200320t2020 yoi f ind d a978-979-21-6336-0 a978-979-21-6337-7 aYOPDYOGbinderda04223a248.4 a248.4 YUL m aDEP 248.4 YUL m aCB-D.11 2020-00800 aYulius Kardinal Darmaatmadjaepenulis10aMenjadi Katolik, nasionalis, dan pancasilais sejati 1 :bmempertahankan cita-cita proklamasi /cpenulis, Yulius Kardinal Darmaatmadja; penyunting, Chris Subagya aCetakan pertama, 2020 axii, 411 halaman ;c19 cm 4aKehidupan beragama (Katolik)0 aChris Subagyaepenyunting aYOPDYOG31aYogyakarta :bKanisius,c2020 2rdacontentateks 2rdamediaatanpa perantara 2rdacarrieravolume aCB-D.11/2020-0080 aCB-D.11/2020-0080